| 000 | 01499cam a2200433 a 4500 | ||
|---|---|---|---|
| 001 | 22552 | ||
| 003 | SK-KTurca | ||
| 005 | 20260331164949.0 | ||
| 008 | 240123s2015 xo a br 000 f slo | ||
| 015 | _aSNBA2015/09 | ||
| 020 |
_a9788010027682 _q(viaz.) |
||
| 035 | _a5AEF5E4D-9403-4E1B-87EB-4F5A95BCA1A0 | ||
| 035 | _aurn:nbn:sk:snk-amkwf2 | ||
| 035 | _aurn:nbn:sk:snk-am00836s | ||
| 040 |
_aSVKBB _bslo _cSVKBB _dSNK _eAACR2 |
||
| 041 | 0 | _aslo | |
| 044 |
_axo _cSK |
||
| 072 | 7 |
_a821.162.4-3 _xSlovenská próza _2konspekt |
|
| 072 | 7 |
_a821-93 _xLiteratúra pre deti a mládež _2konspekt |
|
| 080 |
_a821.162.4-32 _22001 |
||
| 080 |
_a821-93 _22001 |
||
| 100 | 1 |
_aHronský, Jozef Cíger, _d1896-1960 _4aut |
|
| 245 | 1 | 0 |
_aSmelý Zajko _cJozef Cíger Hronský ; k obrázkom Jaroslava Vodrážku napísal Jozef Cíger Hronský |
| 250 | _a10. vyd. | ||
| 260 |
_aBratislava _bSlovenské pedagogické nakladateľstvo - Mladé letá _c2015 |
||
| 300 |
_a91 s. _c19 cm |
||
| 490 | 1 | _aZlatý fond slovenskej detskej literatúry | |
| 490 | 1 | _aPrvé čítanie | |
| 521 | 1 | _aPre čitateľov od 6 rokov | |
| 655 | 7 |
_aslovenské rozprávky _2SNKPH |
|
| 655 | 7 |
_apublikácie pre deti _2SNKPH |
|
| 655 | 7 |
_aSlovak fairy tales _2SNKPH |
|
| 655 | 7 |
_aChildren's literature _2SNKPHeng |
|
| 655 | 7 |
_aautorské rozprávky _2SNKPH |
|
| 700 | 1 |
_aVodrážka, Jaroslav, _d1894-1984 _4ill |
|
| 830 | 0 | _aZlatý fond slovenskej detskej literatúry | |
| 830 | 0 | _aPrvé čítanie | |
| 942 |
_2ddc _cKLDE _n0 |
||
| 999 |
_c22552 _d22552 |
||